Villes ayant un tramway en France - Statistiques

Statistiques générales
  • Ce quiz a été pris 542 fois
  • Le résultat moyen est 21 sur 29
Statistiques - réponses
Année d'ouverture Ville % Correct
1992 Paris
98%
1909 Lille
95%
2001 Lyon
95%
2003 Bordeaux
94%
1893 Marseille
93%
1985 Nantes
92%
2007 Nice
92%
1994 Strasbourg
92%
2010 Toulouse
91%
2000 Montpellier
87%
2012 Brest
85%
1987 Grenoble
75%
1994 Rouen
75%
1881 Saint-Etienne
74%
2006 Clermont-Ferrand
73%
2012 Dijon
72%
2012 Le Havre
72%
2013 Tours
72%
2019 Caen
71%
2011 Reims
71%
2000 Nancy
70%
2000 Orléans
70%
2011 Angers
69%
2006 Mulhouse
55%
2007 Le Mans
53%
2014 Besançon
51%
2019 Avignon
49%
2006 Valenciennes
32%
2014 Aubagne
22%
Aucun quiz correspondant
Distribution des résultats
% des personnes avec chaque résultat
Percentile par nombre de réponses
Votre historique - résultats
Vous n’avez pas pris ce quiz